| 000 | 00443nam a2200157Ia 4500 | ||
|---|---|---|---|
| 999 |
_c8506 _d8506 |
||
| 020 | _a9781452267746 | ||
| 082 | _aRR 150.1986 HAN; | ||
| 245 | 0 | _aHandbook of humanistic psychology: theory, research and practice | |
| 260 |
_aLos Angeles _bSage Publications _c2015 |
||
| 300 | _axxviii, 800p | ||
| 650 | _aHUMANISTIC PSYCHOLOGY | ||
| 700 | _aBugental, James F.T. | ||
| 700 | _aPierson, J. Fraser | ||
| 700 | _aSchneider, Kirk J. | ||
| 942 | _cBK | ||